LEADER 01155nam 2200409 450 001 9910483509203321 005 20220122172417.0 010 $a3-030-71895-6 035 $a(CKB)4100000011945367 035 $a(MiAaPQ)EBC6628620 035 $a(Au-PeEL)EBL6628620 035 $a(OCoLC)1257077363 035 $a(PPN)255887930 035 $a(EXLCZ)994100000011945367 100 $a20220122d2021 uy 0 101 0 $aeng 135 $aurcnu|||||||| 181 $ctxt$2rdacontent 182 $cc$2rdamedia 183 $acr$2rdacarrier 200 10$aSandwich structures $etheory and responses /$fTerry John Hause 210 1$aCham, Switzerland :$cSpringer,$d[2021] 210 4$d©2021 215 $a1 online resource (296 pages) 311 $a3-030-71894-8 320 $aIncludes bibliographical references and index. 606 $aSandwich construction 615 0$aSandwich construction. 676 $a624.1779 700 $aHause$b Terry John$0917400 801 0$bMiAaPQ 801 1$bMiAaPQ 801 2$bMiAaPQ 906 $aBOOK 912 $a9910483509203321 996 $aSandwich Structures$92056983 997 $aUNINA LEADER 03500oam 2200577zu 450 001 9910140131803321 005 20210807001142.0 010 $a2-8218-5104-9 024 7 $a10.4000/books.pupo.2407 035 $a(CKB)2560000000351942 035 $a(SSID)ssj0001539780 035 $a(PQKBManifestationID)11793011 035 $a(PQKBTitleCode)TC0001539780 035 $a(PQKBWorkID)11531627 035 $a(PQKB)10240330 035 $a(WaSeSS)IndRDA00043916 035 $a(FrMaCLE)OB-pupo-2407 035 $a(oapen)https://directory.doabooks.org/handle/20.500.12854/52123 035 $a(PPN)182831213 035 $a(oapen)doab52123 035 $a(EXLCZ)992560000000351942 100 $a20160829d2012 uy 101 0 $afre 135 $aur||||||||||| 181 $ctxt 182 $cc 183 $acr 200 02$aL'année 1925 : l'esprit d'une époque 210 $cPresses universitaires de Paris Nanterre$d2012 210 31$a[Place of publication not identified]$cPresses universitaires de Paris Ouest$d2012 215 $a1 online resource (333 pages) 225 0 $aLitte?rature franc?aise 300 $aBibliographic Level Mode of Issuance: Monograph 311 08$a2-84016-110-9 330 $a« Il y a des dates qui comptent, d?autres qui tombent en poussière. » À la manière de 1900 qui selon Paul Morand fêtait les noces d?or du passé et de l?avenir, l?année 1925 s?est imposée à la mémoire collective comme une année mythique. Entre l?armistice de 1918 et la crise de 1929, les années vingt, profondément marquées par la Grande Guerre, présentent un singulier mélange de désarroi, de révolte et de frivolité. Soutenus par un développement sans précédent des transports et des médias, l?éloge de la vitesse et le « bel optimisme des machines » cher à Blaise Cendrars se diffusent comme des mots de passe. Sous le signe du jazz, la mythologie de ces « Années folles » se forge au Boeuf sur le toit autour de Jean Cocteau, tandis que Fantômas et Charlot, la garçonne de Victor Margueritte et Coco Chanel, la Lulu de Pabst et d?Alban Berg, la Nadja d?André Breton, tendent leurs miroirs aux incertitudes du temps. Au « nouvel mal du siècle » font réplique, ici, un renouveau de l?aventure et, là, un regain de la spiritualité. 1925 marque un apogée et un tournant. Deux manifestations dominent la saison à Paris : la Revue nègre au Théâtre des Champs-Élysées, avec Joséphine Baker et Sidney Bechet, et l?Exposition internationale des Arts Décoratifs et Industriels Modernes ? les Arts décos ? qui va définir le style de l?époque. Caractériser l?esprit de 1925 sur un plan international, dans les arts comme en littérature, faire apparaître le fragile équilibre de ses tendances et de ses tensions, interroger dans ses contradictions l?appel à un ordre nouveau, telles sont les ambitions du présent ouvrage. 606 $aHistory & Archaeology$2HILCC 606 $aHistory - General$2HILCC 610 $avie littéraire 610 $aAnnées 1920 610 $avie artistique 610 $ahistoire de France 615 7$aHistory & Archaeology 615 7$aHistory - General 700 $aMyriam Boucharenc$b Claude Leroy (dir.)$4auth$01355069 702 $aLeroy$b Claude 702 $aBoucharenc$b Myriam 801 0$bPQKB 906 $aBOOK 912 $a9910140131803321 996 $aL'année 1925 : l'esprit d'une époque$93359111 997 $aUNINA LEADER 01037nam 2200253la 450 001 9910481506803321 005 20230503102637.0 035 $a(UK-CbPIL)2090351848 035 $a(CKB)5500000000105444 035 $a(EXLCZ)995500000000105444 100 $a20230503d1565 uy | 101 0 $alat 135 $aurcn||||a|bb| 200 10$aCanones, et Decreta sacrosancti oecumenici et generalis Concilii Tridentini, sub Paulo 3., Iulio 3., et Pio 4., Pontificibus Max. Index dogmatum, & reformationis 210 $aVenice $cPaolo Manuzio, 1512-1574$d1565 215 $aOnline resource (184, [24] c., 8°.) 300 $aReproduction of original in Biblioteca Nazionale Centrale di Firenze. 701 $aManuzio$b Paolo$f1512-1574.$0327584 801 0$bUk-CbPIL 801 1$bUk-CbPIL 906 $aBOOK 912 $a9910481506803321 996 $aCanones, et Decreta sacrosancti oecumenici et generalis Concilii Tridentini, sub Paulo 3., Iulio 3., et Pio 4., Pontificibus Max. Index dogmatum, & reformationis$92127477 997 $aUNINA